|
|
|
|
| LEADER |
00000nab a2200000 a 4500 |
| 001 |
vtls000409112 |
| 003 |
SK-MaSNL |
| 005 |
20260304210442.0 |
| 008 |
220423c1990 xo 0 slo |
| 015 |
|
|
|a SNBRB19rr/mm-uuuuu
|
| 035 |
|
|
|a CL0409236
|
| 040 |
|
|
|a SNKBUCL
|b slo
|c SNKBUCL
|e AACR2
|
| 041 |
0 |
|
|a slo
|
| 044 |
|
|
|a xo
|c SK
|
| 080 |
|
|
|a 614.8
|2 1981
|
| 080 |
|
|
|a 331.823
|2 1981
|
| 100 |
1 |
|
|a Krajčovič, Juraj,
|d 1930-2015
|4 aut
|9 62576
|
| 245 |
1 |
0 |
|a Pehe, Jiří - Pechar, Jaroslav: Bezpečnosť a ochrana zdraví při práci v otázkách a odpovědích
|c Juraj Krajčovič
|
| 650 |
0 |
7 |
|a bezpečnosť práce
|2 snkbucl
|9 1296
|
| 650 |
0 |
7 |
|a ochrana zdravia pri práci
|2 snkbucl
|9 284118
|
| 655 |
|
7 |
|a články z novín a časopisov
|2 snkbucl
|9 267496
|
| 700 |
1 |
|
|a Pehe, Jiří
|4 aut
|9 730970
|
| 700 |
1 |
|
|a Pechar, Jaroslav
|4 aut
|9 581650
|
| 773 |
0 |
|
|t Bezpečná práca
|g Roč. 21, č. 6 (1990), s. 282
|
| 787 |
0 |
8 |
|i Rec.:
|a Pehe, Jiří
|t Bezpečnost a ochrana zdraví při práci v otázkách a odpovědích
|d Praha : Práce, 1989
|
| 850 |
|
|
|a Slovenská národná knižnica v Martine
|a MTA001
|
| 852 |
|
|
|a SNK
|b KIS3GCP
|
| 958 |
|
|
|a RK
|
| 958 |
|
|
|a ME
|
| 992 |
|
|
|a RBX
|
| 999 |
|
|
|c 3126113
|d 3128043
|